| 000 | 00396nam a22001337a 4500 | ||
|---|---|---|---|
| 005 | 20260413103649.0 | ||
| 008 | 260413b |||||||| |||| 00| 0 eng d | ||
| 020 | _a0 435 57078 1 | ||
| 100 | _aFullick Patrick | ||
| 245 |
_aHeinemann Advanced Science Physics _c/ Patrick Fullick |
||
| 260 |
_aOxford; _bHeinemann Educational Publishers; _c1994 |
||
| 300 |
_avii,589p.ill; _c26.2cm |
||
| 942 |
_2ddc _cBK _n0 |
||
| 999 |
_c215 _d215 |
||